Loading...
| Science - Biology | 0 | 7 | 0 | 0 | 70 | 23 | 65.57 | 2 | 6 | 25.66 | 51.43 |
| Geography | 0 | 2 | 0 | 0 | 20 | 69 | 84.00 | 0 | 0 | 7.85 | 18.57 |
| Popular Culture | 0 | 2 | 0 | 1 | 20 | 71 | 94.00 | 0 | 0 | 8.26 | 5.00 |
| History - European | 0 | 2 | 1 | 1 | 15 | 48 | 81.00 | 0 | 0 | 2.90 | 2.07 |
| Science - Other | 0 | 1 | 0 | 0 | 10 | 48 | 48.00 | 0 | 1 | 5.10 | 6.25 |
| History - World | 0 | 1 | 0 | 1 | 10 | 106 | 106.00 | 0 | 0 | 0.00 | 1.25 |
| Literature - American | 0 | 1 | 0 | 0 | 10 | 94 | 94.00 | 0 | 0 | 3.21 | 5.00 |
| Current Events | 0 | 1 | 0 | 1 | 10 | 94 | 94.00 | 0 | 0 | 3.44 | 10.71 |
| Science - Chemistry | 0 | 1 | 2 | 1 | 0 | 103 | 103.00 | 0 | 0 | 0.00 | 2.50 |
| Fine Arts - Other | 0 | 0 | 0 | 0 | 0 | 0.00 | 0 | 0 | 0.00 | 0.00 |